El abc de las relaciones (Registro nro. 5209)
[ vista simple ]
| 000 -Cabecera | |
|---|---|
| Campo de control de longitud fija | 00479aam a2200181 4500 |
| 005 - Fecha y hora de la última transacción | |
| Campo de control | 20231011163202.0 |
| 008 - Elementos de longitud fija--Información general | |
| Campo de control de longitud fija | 150507b xxu||||| |||| 00| 0 spa d |
| 041 ## - Idioma | |
| Código de idioma | |
| 082 ## - Clasificación Decimal Dewey | |
| Número de clasificación | 158.2 M465a |
| 100 ## - Entrada principal--Autor personal | |
| Nombre personal | Maxwell, John C |
| 245 ## - Título propiamente dicho | |
| Título | El abc de las relaciones |
| 260 ## - Pie de imprenta | |
| Lugar de publicación, distribución, etc. | Argentina |
| Nombre del editor, distribuidor, etc. | V y R Editores |
| Fecha de publicación, distribución, etc. | 2007 |
| 300 ## - Descripción física | |
| Extensión | 104 páginas |
| 650 ## - Materia general | |
| Temática (materia general) | RELACIONES INTERPERSONALES |
| 650 ## - Materia general | |
| Temática (materia general) | LIDERAZGO |
| 650 ## - Materia general | |
| Temática (materia general) | RELACIONES PERSONALES |
| 942 ## - Punto de acceso adicional KOHA | |
| Tipo de ítem KOHA | Literatura |
| Fuente del sistema de clasificación o colocación | Dewey Decimal Classification |
| Signatura completa | Código de barras | Tipo de ítem |
|---|---|---|
| 158.2 M465a | 14243 | Literatura |